Monografía de las melanopsis vivientes y fósiles de España / (Registro nro. 28606)
[ vista simple ]
| 000 -LEADER | |
|---|---|
| campo de control de longitud fija | 00726nam a2200205 i 4500 |
| 001 - NÚMERO DE CONTROL | |
| campo de control | 28606 |
| 003 - IDENTIFICADOR DE NÚMERO DE CONTROL | |
| campo de control | ES-MaACL |
| 005 - FECHA Y HORA DE LA ÚLTIMA TRANSACCIÓN | |
| campo de control | 20230906153909.0 |
| 007 - CAMPO FIJO DE DESCRIPCIÓN FÍSICA--INFORMACIÓN GENERAL | |
| campo de control de longitud fija | t| |
| 008 - DATOS DE LONGITUD FIJA--INFORMACIÓN GENERAL | |
| campo de control de longitud fija | 030117s1929 sp ||||1| spa d |
| 100 1# - ENTRADA PRINCIPAL--NOMBRE DE PERSONA | |
| Nombre de persona | Azpeitia Moros, Florentino. |
| 9 (RLIN) | 24347 |
| 245 10 - MENCIÓN DEL TÍTULO | |
| Título | Monografía de las melanopsis vivientes y fósiles de España / |
| Mención de responsabilidad, etc. | por Florentino Azpeitia Moros. |
| 260 ## - PUBLICACIÓN, DISTRIBUCIÓN, ETC. | |
| Lugar de publicación, distribución, etc. | Madrid : |
| Nombre del editor, distribuidor, etc. | [s.n., |
| Fecha de publicación, distribución, etc. | 1929] ( |
| Fabricante | Gráficas Reunidas) |
| 300 ## - DESCRIPCIÓN FÍSICA | |
| Extensión | XIX, 502 p., 14 lám. ; |
| Dimensiones | 24 cm. |
| 490 1# - MENCIÓN DE SERIE | |
| Mención de serie | Memorias del Instituto Geológico de España |
| 710 2# - ENTRADA AGREGADA--NOMBRE DE ENTIDAD CORPORATIVA | |
| Nombre de entidad corporativa o nombre de jurisdicción como elemento de entrada | Instituto Geológico de España. |
| 9 (RLIN) | 5076 |
| 830 0# - PUNTO DE ACCESO ADICIONAL DE SERIE-TÍTULO UNIFORME | |
| Título uniforme | Memorias del Instituto Geológico de España |
| 9 (RLIN) | 182220 |
| 852 ## - LOCALIZACIÓN | |
| Ubicación | ES-MaACL |
| Número de control de estantería | A-5278 |
| Sublocalización o colección | R.18042 |
| Estatus retirado | Estado de pérdida | Estado de daño | No para préstamo | Biblioteca de origen | Biblioteca actual | Ubicación en estantería | Fecha de adquisición | Fuente de adquisición | Total de préstamos | Signatura topográfica completa | Código de barras | Visto por última vez | Precio de reemplazo | Tipo de ítem Koha |
|---|---|---|---|---|---|---|---|---|---|---|---|---|---|---|
| Biblioteca del Ateneo de Madrid | Biblioteca del Ateneo de Madrid | Sala Pecera Planta 1 | 17/01/2008 | A-5278 | 1029537 | 23/02/2023 | 23/02/2023 | Libro impreso |
